Name All participants in Magenta eTrophy: MCC Edition - Statistics

General Stats
  • This quiz has been taken 12 times
  • The average score is 21 of 40
Answer Stats
Team Player % Correct
Lime Llamas Fabo
91%
Orange Ocelots LetsHugo
91%
Yellow Yaks Wichtiger
91%
Green Geckos inmiste
82%
Red Rabbits nooreax
82%
Orange Ocelots Flentrox
73%
Red Rabbits Papaplatte
73%
Red Rabbits Dimeax
64%
Pink Parrots Fuxelbau
64%
Aqua Axolotls GoatedFenris
64%
Orange Ocelots mikagoated
64%
Cyan Coyotes Sarahtonin
64%
Green Geckos TriDan
64%
Green Geckos Jonsman
55%
Blue Bats snowfeather25
55%
Yellow Yaks X_SUS
55%
Green Geckos Yami
55%
Red Rabbits Blad_d
45%
Lime Llamas DqrkArcher
45%
Lime Llamas Felikah
45%
Yellow Yaks Fensti
45%
Aqua Axolotls Fred_Inc
45%
Cyan Coyotes Huytastic
45%
Purple Pandas Ju5tnele
45%
Orange Ocelots Luucaalol
45%
Blue Bats MinusElf
45%
Cyan Coyotes schmobin
45%
Yellow Yaks SimplyFuse
45%
Pink Parrots Vullco
45%
Blue Bats amir1107
36%
Lime Llamas bytobi
36%
Blue Bats deadston3
36%
Purple Pandas einm4nu
36%
Purple Pandas minooo99_
36%
Cyan Coyotes Sakurayy
36%
Aqua Axolotls Tjan
36%
Pink Parrots Hellschwarz
27%
Aqua Axolotls mskd28
27%
Pink Parrots neneli_
27%
Purple Pandas schmilley
27%
No matching quizzes found
Score Distribution
Percent of People with Each Score
Percentile by Number Answered
Your Score History
You have not taken this quiz